000 00516nam a2200193Ia 4500
003 0100
008 130227s9999 xx 000 0 und d
040 _cARRUPELIB
050 _aBR100.A64 2009
100 _aTimpe, Kevin (ed.)
_915409
245 _aArguing about religion
260 _aNew York
_bRoutledge
_c2009
300 _axiv
300 _b 633p. 26cm.
600 _aTimpe, Kevin
_915410
650 _bChristianity
_xPhilosophy
_915411
650 _cReligion
_xPhilosophy
_915412
942 _2lcc
_02
_cMONOGRAPH
999 _c2005
_d2005